[Event "Budapest FS07 FM-A"]
[Site "Budapest"]
[Date "2015.07.13"]
[Round "9"]
[White "Bornheim, Craig"]
[Black "Cilia Vincenti, David"]
[Result "1-0"]
[WhiteElo "2007"]
[BlackElo "2085"]
[PlyCount "103"]
[EventDate "2015.07.04"]
[EventType "tourn"]
[EventRounds "9"]
[EventCountry "HUN"]
[SourceTitle "CBM 167 Extra"]
[Source "ChessBase"]
[SourceDate "2015.09.14"]
[SourceVersion "1"]
[SourceVersionDate "2015.09.14"]
[SourceQuality "1"]

1. d4 f5 2. c4 e6 3. g3 Nf6 4. Bg2 Be7 5. Nf3 0-0 6. Nc3 d6 7. 0-0 Nc6 8. d5 Ne5 9. dxe6 c6 10. b3 Nxf3+ 11. Bxf3 Bxe6 12. Qd2 Ng4 13. Rd1 Qb6 14. Bxg4 fxg4 15. Qe3 Qxe3 16. Bxe3 Bf6 17. Bd4 Bf5 18. Bxf6 Rxf6 19. Rd2 Bg6 20. Rad1 Raf8 21. e3 Rf3 22. Re2 R3f6 23. Rd4 c5 24. Rf4 Bf5 25. e4 Bd7 26. Rxf6 Rxf6 27. Re3 Re6 28. Kg2 g5 29. f4 gxf3+ 30. Rxf3 Bc6 31. Rf5 h6 32. Kf3 Kg7 33. Nd5 Kg6 34. g4 Kg7 35. a3 Bd7 36. h3 b6 37. Ke3 Bc6 38. b4 cxb4 39. axb4 Bb7 40. Kd4 a5 41. bxa5 bxa5 42. Nc3 a4 43. Ra5 Bc6 44. Ra6 Be8 45. Nxa4 Kf6 46. Nc3 Bg6 47. Ra7 Be8 48. Nd5+ Kg6 49. Re7 Bf7 50. Rxe6+ Bxe6 51. Ne7+ Kf6 52. Nf5 1-0

[Event "Budapest FS07 FM-A"]
[Site "Budapest"]
[Date "2015.07.07"]
[Round "4"]
[White "Uuriintuya, Uurtsaikh"]
[Black "Bornheim, Craig"]
[Result "1-0"]
[WhiteElo "1945"]
[BlackElo "2007"]
[PlyCount "81"]
[EventDate "2015.07.04"]
[EventType "tourn"]
[EventRounds "9"]
[EventCountry "HUN"]
[SourceTitle "CBM 167 Extra"]
[Source "ChessBase"]
[SourceDate "2015.09.14"]
[SourceVersion "1"]
[SourceVersionDate "2015.09.14"]
[SourceQuality "1"]

1. e4 c5 2. Nf3 d6 3. d4 cxd4 4. Nxd4 Nf6 5. Nc3 a6 6. f4 e6 7. a4 Be7 8. Be2 0-0 9. 0-0 Nc6 10. Kh1 Qc7 11. Bf3 Bd7 12. Be3 Nxd4 13. Qxd4 Bc6 14. Rad1 Nd7 15. Qd2 b5 16. axb5 axb5 17. e5 d5 18. Bd4 b4 19. Ne2 Bb5 20. Rfe1 Rfc8 21. c3 bxc3 22. Nxc3 Bc4 23. f5 Bf8 24. Bg4 Ra6 25. Qf4 g6 26. fxe6 fxe6 27. Ra1 Qb7 28. b3 Bd3 29. Rxa6 Qxa6 30. Nxd5 Bf5 31. Bxf5 gxf5 32. Nf6+ Nxf6 33. Qg5+ Kf7 34. exf6 Qb7 35. Qh5+ Kg8 36. Ra1 Qf7 37. Qg5+ Qg6 38. Qe3 Rc2 39. Qxe6+ Qf7 40. Qxf5 Qg6 41. f7+ 1-0

[Event "Witwatersrand USSA Cup"]
[Site "Witwatersrand"]
[Date "2015.04.24"]
[Round "4"]
[White "Bornheim, Craig"]
[Black "Mnguni, Jacob Dumisani"]
[Result "1/2-1/2"]
[WhiteElo "2011"]
[BlackElo "1941"]
[PlyCount "105"]
[EventDate "2015.04.23"]
[EventType "tourn"]
[EventRounds "9"]
[EventCountry "RSA"]
[SourceTitle "EXT 2016"]
[Source "ChessBase"]
[SourceDate "2015.10.08"]
[SourceVersion "1"]
[SourceVersionDate "2015.10.08"]
[SourceQuality "1"]

1. d4 d5 2. c4 c6 3. Nf3 Nf6 4. Nc3 a6 5. a4 e6 6. Bg5 Bb4 7. c5 b6 8. cxb6 a5 9. e3 Nbd7 10. Bd3 Qxb6 11. 0-0 Ba6 12. Rc1 0-0 13. Ne1 Rfc8 14. Bxa6 Rxa6 15. Nd3 Bxc3 16. Rxc3 Ne4 17. Rb3 Qa7 18. Be7 Rb8 19. Rxb8+ Qxb8 20. Qc2 Rb6 21. Rc1 e5 22. f3 Nd6 23. Bxd6 Qxd6 24. Qd2 exd4 25. exd4 Qf6 26. Qe3 h6 27. Qe8+ Nf8 28. Ne5 Qf4 29. Rd1 Qe3+ 30. Kh1 Rb7 31. Qxc6 Qb3 32. Re1 Qxb2 33. Qxd5 Qc3 34. Rf1 Rc7 35. Qe4 f6 36. Ng4 Qc4 37. Ne3 Qxa4 38. Qd5+ Kh7 39. Qf5+ Kg8 40. d5 Rc3 41. Ng4 Kf7 42. d6 Qd4 43. Qxa5 Rd3 44. Qc7+ Kg8 45. Nf2 Rc3 46. Rd1 Rxc7 47. Rxd4 Rd7 48. Nd3 Ne6 49. Rd5 Kf7 50. Kg1 Ke8 51. f4 Nd8 52. Nc5 Ra7 53. Kf2 1/2-1/2

[Event "Pretoria USSA op"]
[Site "Pretoria"]
[Date "2013.12.05"]
[Round "7"]
[White "Bhawoodien, Mohamed Ozayr"]
[Black "Bornheim, Craig"]
[Result "1/2-1/2"]
[WhiteElo "2024"]
[BlackElo "2062"]
[PlyCount "66"]
[EventDate "2013.12.02"]
[EventType "swiss"]
[EventRounds "9"]
[EventCountry "RSA"]
[SourceTitle "CBM 158 Extra"]
[Source "ChessBase"]
[SourceDate "2014.02.28"]
[SourceVersion "1"]
[SourceVersionDate "2014.02.28"]
[SourceQuality "1"]

1. d4 Nf6 2. c4 c5 3. d5 b5 4. Bg5 Ne4 5. Bf4 d6 6. f3 Nf6 7. e4 b4 8. Nd2 g6 9. a3 Na6 10. Ne2 Nh5 11. Be3 Bg7 12. g4 Nf6 13. Nc1 0-0 14. Nd3 Nd7 15. axb4 Nxb4 16. Nxb4 cxb4 17. Qc2 a5 18. Nb3 Bb7 19. Kf2 a4 20. Nd4 Nc5 21. Be2 Bxd4 22. Bxd4 Nb3 23. Rad1 Nxd4 24. Rxd4 Qb6 25. Qd2 Rfc8 26. Qe3 a3 27. bxa3 Rxa3 28. Rd3 Qxe3+ 29. Kxe3 Ba6 30. Rxa3 bxa3 31. Ra1 Bxc4 32. Bxc4 Rxc4 33. Rxa3 f5 1/2-1/2

[Event "Wch U20 52nd"]
[Site "Kocaeli"]
[Date "2013.09.22"]
[Round "9"]
[White "Bornheim, Craig"]
[Black "Meribanov, Vitaly"]
[Result "0-1"]
[WhiteElo "1973"]
[BlackElo "2433"]
[PlyCount "68"]
[EventDate "2013.09.13"]
[EventType "swiss"]
[EventRounds "13"]
[EventCountry "TUR"]
[SourceTitle "CBM 156 Extra"]
[Source "ChessBase"]
[SourceDate "2013.10.22"]
[SourceVersion "1"]
[SourceVersionDate "2013.10.22"]
[SourceQuality "1"]

1. d4 Nf6 2. c4 c5 3. d5 b5 4. cxb5 a6 5. bxa6 g6 6. Nc3 Bxa6 7. g3 d6 8. Bg2 Bg7 9. Nf3 Nbd7 10. 0-0 Nb6 11. Rb1 0-0 12. b3 Bb7 13. e4 Ng4 14. Qc2 Ba6 15. Re1 Nd7 16. h3 Nge5 17. Nxe5 Nxe5 18. Re3 c4 19. b4 Nd3 20. b5 Bb7 21. Bf1 Nxc1 22. Rxc1 Bh6 23. Ree1 Bxc1 24. Rxc1 f5 25. Bxc4 Bc8 26. Bd3 Qb6 27. exf5 Bxf5 28. Bxf5 Rxf5 29. a4 Raf8 30. Rf1 Qc5 31. Qd2 Rf3 32. Ne4 Qc4 33. Ng5 Rxg3+ 34. Kh2 Rxg5 0-1

[Event "Wch U20 52nd"]
[Site "Kocaeli"]
[Date "2013.09.18"]
[Round "6"]
[White "Bornheim, Craig"]
[Black "Yurtseven, Melih"]
[Result "0-1"]
[WhiteElo "1973"]
[BlackElo "2262"]
[PlyCount "54"]
[EventDate "2013.09.13"]
[EventType "swiss"]
[EventRounds "13"]
[EventCountry "TUR"]
[SourceTitle "CBM 156 Extra"]
[Source "ChessBase"]
[SourceDate "2013.10.22"]
[SourceVersion "1"]
[SourceVersionDate "2013.10.22"]
[SourceQuality "1"]

1. d4 Nf6 2. c4 e6 3. Nf3 c5 4. d5 exd5 5. cxd5 d6 6. Nc3 g6 7. e4 a6 8. h3 b5 9. Bd3 Bg7 10. 0-0 0-0 11. Bf4 Bb7 12. Rc1 Qb6 13. a4 c4 14. Bb1 Nbd7 15. axb5 axb5 16. Nd4 b4 17. Ncb5 Ne5 18. Qd2 Qc5 19. Bh6 Ne8 20. Bc2 Bxh6 21. Qxh6 Ng7 22. Kh1 Ba6 23. Ba4 Bxb5 24. Nf5 gxf5 25. Bxb5 Qxb5 26. exf5 f6 27. Rfd1 Ra7 0-1

[Event "Commonwealth-ch RSA op"]
[Site "Gauteng"]
[Date "2011.06.27"]
[Round "5"]
[White "Sachdev, Tania"]
[Black "Bornheim, Craig"]
[Result "1/2-1/2"]
[WhiteElo "2416"]
[BlackElo "1806"]
[PlyCount "50"]
[EventDate "2011.06.25"]
[EventType "swiss"]
[EventRounds "11"]
[EventCountry "RSA"]
[SourceTitle "CBM 143 Extra"]
[Source "ChessBase"]
[SourceDate "2011.08.29"]
[SourceVersion "1"]
[SourceVersionDate "2011.08.29"]
[SourceQuality "1"]

1. d4 Nf6 2. c4 c5 3. d5 b5 4. cxb5 a6 5. b6 g6 6. Nc3 d6 7. e4 Bg7 8. Nf3 Nbd7 9. a4 a5 10. Bb5 0-0 11. 0-0 Nxb6 12. h3 Nfd7 13. Re1 Ba6 14. Bxa6 Rxa6 15. Bf4 Nf6 16. Qe2 Ra7 17. Rad1 Nh5 18. Bd2 Bxc3 19. bxc3 Nxa4 20. Ra1 Nb6 21. Qb5 Qc7 22. Reb1 Nd7 23. Qa4 Nhf6 24. Bh6 Rb8 25. Nd2 Nb6 1/2-1/2